[Event "Kirov Region-ch FL"]
[Site "Kirov"]
[Date "2015.10.14"]
[Round "6"]
[White "Derbenev, Andrey"]
[Black "Rublev, Andrei"]
[Result "1-0"]
[WhiteElo "2373"]
[BlackElo "2034"]
[PlyCount "49"]
[EventDate "2015.10.09"]
[EventType "swiss"]
[EventRounds "9"]
[EventCountry "RUS"]
[SourceTitle "EXT 2018"]
[Source "ChessBase"]
[SourceDate "2017.10.13"]
[SourceVersion "1"]
[SourceVersionDate "2017.10.13"]
[SourceQuality "1"]

1. e4 e6 2. d4 d5 3. Nc3 Bb4 4. e5 c5 5. a3 cxd4 6. axb4 dxc3 7. Qg4 g6 8. Nf3 Qc7 9. Bd3 Nc6 10. Qf4 f6 11. Bb5 Bd7 12. Bxc6 Bxc6 13. bxc3 Bb5 14. Qe3 fxe5 15. Nxe5 Nf6 16. Qd4 Ne4 17. c4 Bxc4 18. Nxc4 Rf8 19. Nd2 Rf4 20. Nf3 Rf8 21. 0-0 Qxc2 22. Rxa7 Rc8 23. Bh6 Rf7 24. Qh8+ Kd7 25. Rxb7+ 1-0

[Event "Kirov Region-ch FL"]
[Site "Kirov"]
[Date "2015.10.12"]
[Round "4"]
[White "Zboev, Nikita"]
[Black "Rublev, Andrei"]
[Result "1/2-1/2"]
[WhiteElo "2185"]
[BlackElo "2034"]
[PlyCount "84"]
[EventDate "2015.10.09"]
[EventType "swiss"]
[EventRounds "9"]
[EventCountry "RUS"]
[SourceTitle "EXT 2018"]
[Source "ChessBase"]
[SourceDate "2017.10.13"]
[SourceVersion "1"]
[SourceVersionDate "2017.10.13"]
[SourceQuality "1"]

1. d4 d5 2. Nc3 Nf6 3. Bg5 e6 4. e4 dxe4 5. Nxe4 Be7 6. Bxf6 Bxf6 7. Nf3 Be7 8. Qd2 Nd7 9. Qf4 0-0 10. 0-0-0 Nf6 11. Nxf6+ Bxf6 12. Bd3 g6 13. h4 Bg7 14. h5 Qd6 15. Qh4 h6 16. hxg6 fxg6 17. Qe4 Qf4+ 18. Qxf4 Rxf4 19. Bxg6 Rg4 20. Bh5 Rxg2 21. Ne5 Rxf2 22. Rdf1 Rxf1+ 23. Rxf1 Bxe5 24. dxe5 Bd7 25. Rf6 Rf8 26. Kd2 Rxf6 27. exf6 e5 28. Ke3 Bc6 29. c4 Kf8 30. b4 Be8 31. Bf3 Bg6 32. Bxb7 Kf7 33. a4 Kxf6 34. c5 Ke6 35. b5 Kd7 36. Be4 Bh5 37. Bf5+ Kd8 38. Ke4 Bd1 39. a5 Ba4 40. b6 cxb6 41. cxb6 axb6 42. axb6 Bc2+ 1/2-1/2

[Event "Kirov Region-ch FL"]
[Site "Kirov"]
[Date "2015.10.11"]
[Round "3"]
[White "Rublev, Andrei"]
[Black "Kolomiets, Vladimir"]
[Result "1-0"]
[WhiteElo "2034"]
[BlackElo "2055"]
[PlyCount "131"]
[EventDate "2015.10.09"]
[EventType "swiss"]
[EventRounds "9"]
[EventCountry "RUS"]
[SourceTitle "EXT 2018"]
[Source "ChessBase"]
[SourceDate "2017.10.13"]
[SourceVersion "1"]
[SourceVersionDate "2017.10.13"]
[SourceQuality "1"]

1. d4 Nf6 2. Nf3 g6 3. g3 Bg7 4. Bg2 0-0 5. 0-0 d6 6. c3 Nbd7 7. Nbd2 c6 8. e4 e5 9. Qc2 Re8 10. dxe5 dxe5 11. Nc4 Qc7 12. Bg5 h6 13. Bxf6 Bxf6 14. Qd2 Bg7 15. Qd6 Qxd6 16. Nxd6 Re7 17. Nxc8 Rxc8 18. Bh3 Rce8 19. Rad1 Nc5 20. Rfe1 Kf8 21. Rd6 Rc7 22. Nh4 Ke7 23. Red1 Kf8 24. f3 Rce7 25. b3 h5 26. Bf1 Bh6 27. Kf2 Re6 28. Bc4 Rxd6 29. Rxd6 Ke7 30. Nf5+ gxf5 31. Rxh6 fxe4 32. Rxh5 f6 33. Rh7+ Kd6 34. Rf7 exf3 35. Rxf6+ Kc7 36. Kxf3 Rd8 37. Rf7+ Kb6 38. Ke3 Rd1 39. b4 Na4 40. Bb3 Re1+ 41. Kd2 Rh1 42. Bxa4 Rxh2+ 43. Kc1 Rg2 44. Rf3 a5 45. bxa5+ Kxa5 46. Bc2 Kb5 47. Re3 Kb6 48. Kb2 Kc7 49. Kb3 Kd6 50. Bf5 b6 51. g4 Rg1 52. Rf3 Kc5 53. Re3 Kd6 54. Kc4 Rg2 55. Rd3+ Ke7 56. Rd7+ Ke8 57. Ra7 Rg3 58. Bd7+ Kd8 59. Bxc6 Rxg4+ 60. Kd3 Rh4 61. Rd7+ Kc8 62. Re7 Rh2 63. Bd5 b5 64. Rxe5 Kc7 65. Kd4 Rc2 66. Bb3 1-0

[Event "Kirov Chudinovskikh Memorial 2nd"]
[Site "Kirov"]
[Date "2015.07.10"]
[Round "6"]
[White "Rublev, Andrei"]
[Black "Ljashenko, Konstantin"]
[Result "0-1"]
[WhiteElo "2044"]
[BlackElo "2102"]
[PlyCount "68"]
[EventDate "2015.07.02"]
[EventType "tourn"]
[EventRounds "10"]
[EventCountry "RUS"]
[SourceTitle "EXT 2016"]
[Source "ChessBase"]
[SourceDate "2015.10.08"]
[SourceVersion "1"]
[SourceVersionDate "2015.10.08"]
[SourceQuality "1"]

1. b4 e6 2. Bb2 f5 3. e3 Nf6 4. a3 b6 5. d4 Bb7 6. Nf3 Be7 7. Be2 0-0 8. c4 c5 9. Qb3 cxd4 10. exd4 Na6 11. 0-0 Nc7 12. Nbd2 Ne4 13. Rad1 Qe8 14. d5 exd5 15. cxd5 Nxd2 16. Rxd2 Bf6 17. d6+ Ne6 18. Bxf6 Rxf6 19. Ne5 Kh8 20. Bf3 Bxf3 21. Qxf3 Rb8 22. Rfd1 Ng5 23. Qf4 Ne4 24. Rd3 g5 25. Qe3 Qxe5 26. f3 Rh6 27. fxe4 Qxh2+ 28. Kf2 fxe4 29. Qd4+ Kg8 30. Qd5+ Kg7 31. Qxg5+ Rg6 32. Qe7+ Kg8 33. Rh3 Qxg2+ 34. Ke3 Qxh3+ 0-1